Oficios (Record no. 5120)

MARC details
000 -LEADER
campo de control de longitud fija 00806npm a2200205 4500
001 - NÚMERO DE CONTROL
campo de control 5120
003 - IDENTIFICADOR DE NÚMERO DE CONTROL
campo de control ES-MaACL
005 - FECHA Y HORA DE LA ÚLTIMA TRANSACCIÓN
campo de control 20230909110036.0
007 - CAMPO FIJO DE DESCRIPCIÓN FÍSICA--INFORMACIÓN GENERAL
campo de control de longitud fija hzrazu bucu
008 - DATOS DE LONGITUD FIJA--INFORMACIÓN GENERAL
campo de control de longitud fija 891024s1989 sp b 00010 spa d
110 2# - ENTRADA PRINCIPAL--NOMBRE DE ENTIDAD CORPORATIVA
Nombre de entidad corporativa o nombre de jurisdicción como elemento de entrada Ateneo de Madrid.
9 (RLIN) 1875
245 10 - MENCIÓN DEL TÍTULO
Título Oficios
Resto del título : [Microforma].
260 ## - PUBLICACIÓN, DISTRIBUCIÓN, ETC.
Lugar de publicación, distribución, etc. Madrid :
Nombre del editor, distribuidor, etc. Ateneo Cientifico, Literario y Artistico,
Fecha de publicación, distribución, etc. 1989.
300 ## - DESCRIPCIÓN FÍSICA
Extensión 6 microfichas :
Otras características físicas negativo.
500 ## - NOTA GENERAL
Nota general Oficios del Ateneo n. 1 a 432.
505 8# - NOTA DE CONTENIDO CON FORMATO
Nota de contenido con formato Microficha n. 1: Oficios n. 1 a 89 -- Microficha n. 2: Oficios n. 90 a 180 -- Microficha n. 3: Oficios n. 181 a 269 -- Microficha n. 4: Oficios n. 270 a 366 -- Microficha n. 5: Oficios n. 367 a 429 -- Microficha n. 6: Oficios n. 430 a 432
852 ## - LOCALIZACIÓN
Ubicación ES-MaACL
Número de control de estantería MCF-6
itemnumber 5237
942 ## - ELEMENTOS DE ENTRADA SECUNDARIOS (KOHA)
Fuente del sistema de clasificación o colocación Clasificación decimal universal
Tipo de ítem Koha Microforma
Holdings
Estatus retirado Estado de pérdida Estado de daño No para préstamo Biblioteca de origen Biblioteca actual Ubicación en estantería Fecha de adquisición Fuente de adquisición Total de préstamos Signatura topográfica completa Código de barras Visto por última vez Precio de reemplazo Tipo de ítem Koha
        Biblioteca del Ateneo de Madrid Biblioteca del Ateneo de Madrid Depósito 1 17/01/2008     MCF-6 1005183 23/02/2023 23/02/2023 Microforma